000
00312nam a2200121Ia 4500
008
231129s9999||||xx |||||||||||||| ||spa||
040
_b
spa
082
_a
Co865 A666ó
100
_a
Arboleda González Carlos
245
0
_a
Oradores del Gran Caldas
264
_a
Instituto Caldense de Cultura
942
_2
ddc
_c
BKS
999
_c
22140
_d
22140